Dynamic facets of physical education and sports studies/ (Record no. 193419)

MARC details
000 -LEADER
fixed length control field 00601nam a22001817a 4500
005 - DATE AND TIME OF LATEST TRANSACTION
control field 20221028122925.0
010 ## - LCCN (DPL NO)
LC control number ENG-135577
020 ## - INTERNATIONAL STANDARD BOOK NUMBER
Terms of availability 340.00
International Standard Book Number 9788190835237
035 ## - SYSTEM CONTROL NUMBER
System control number EN-119109
037 ## - SOURCE OF ACQUISITION
Source of stock number/acquisition DBAD/PUB
082 ## - DEWEY DECIMAL CLASSIFICATION NUMBER
Classification number 796
245 ## - TITLE STATEMENT
Title Dynamic facets of physical education and sports studies/
Statement of responsibility, etc edited by d. shunmuganathan
260 ## - PUBLICATION, DISTRIBUTION, ETC. (IMPRINT)
Date of publication, distribution, etc 2009
Name of publisher, distributor, etc coordinator publication division
Place of publication, distribution, etc tamilnadu
270 ## - ADDRESS
Address manonmaniam sundaranar university tirunelveli
City tamilnadu
Postal code 627012
300 ## - PHYSICAL DESCRIPTION
Extent 238p.
Dimensions 27cm(pbk)
700 ## - ADDED ENTRY--PERSONAL NAME
Personal name shunmuganathan .d
Relator term editor
942 ## - ADDED ENTRY ELEMENTS (KOHA)
Source of classification or shelving scheme Dewey Decimal Classification
Item type English Books
Call number suffix DYN
Classification part 796
Holdings
Withdrawn status Lost status Not for loan Collection code Home library Current library Date acquired Source of acquisition Cost, normal purchase price Full call number Barcode Copy number Cost, replacement price Koha item type
      Non-fiction Katevara Katevara 28/10/2022 DBAD/PUB 340.00 796 DYN EN-119109 1 340.00 English Books

© Delhi Public Library
Hit Counter
free hit counter